00411nam a2200109Ia 4500008004100000100002900041245008100070260004400151300001800195650001900213856006900232160712s9999 xx 000 0 und d aTaqueban, Efenita May M. cEfenita May M. TaquebanaA Way Out in Eden: Maternal Health Crisis in Manila c2013bPhilippine Social Sciences Review avol. 65 no. 2 xSOCIAL SCIENCE uhttp://journals.upd.edu.ph/index.php/pssr/issue/view/444/showToc